1566 1205 1161 1459 1029 1929 1861 1015 1834 1654 1540 1656 1353 1066 1519 1761 1650 1599 1572 1461 1008 1369 1389 1404 1298 1516 1946 1966 1403 1281 1622 1006 1008 1082 1663 1181 1935 1542 1935 1546 1003 1071 1233 1246 1068 1559 1570 1963 1170 1158 1589 1506 1890 1847 1994 1056 1453 1946 1164 1323 1719 1924 1447 1867 1931 1451 1364 1043 1004 1076 1282 1996 1261 1422 1132 1659 1626 1140 1468 1690 1030 1919 1099 1648 1852 1102 1858 1869 1037 1544 1035 1021 1785 1734 1167 1652 1566 1593 1532 BCNSPRNW ULIB Ver.6.0+V

เปลี่ยนเป็นภาษาไทย

Change to English
 แสดงรายละเอียดบรรณานุกรม
  กลับหน้าหลัก

Brief Record : Get Marc (ISO 2709) : E-mail record : QR code < ปิดหน้าต่าง
LEADER : 00000nam 2200000uu 4500
001    13399112901
003     ULIB
008    110916s2552||||th 000 0 tha d
020    9786160600717
090    นว.^bม730ป 2552
100 0  เมเปิ้ลสีขาว
245 00 ปรุงรักให้ครบรส/^cเมเปิ้ลสีขาว
250    พิมพ์ครั้งที่ 2
260    กรุงเทพฯ :^bแจ่มใส,^c2552
300    280 หน้า
945    ^p179^l0^i16297
995    กัณชพร
999    ^aใช้งานได้ทุกระบบ
รายการนี้ยังไม่มีแท็ก
คุณยังไม่ได้ล็อกอิน คุณสามารถมีกิจกรรมร่วมกับเว็บไซต์ได้ แต่ต้องล็อกอินก่อน ::
  ล็อกอิน

รายการสื่อสารสนเทศ

ลำดับที่ ประเภท เลขเรียก/บาร์โค้ด สถานที่ สถานะ
1. นวนิยาย
นวนิยาย
นว. ม730ป 2552  
  Barcode: 16297
ห้องสมุดวิทยาเขตนครสวรรค์
►นวนิยาย:l:Fiction
บนชั้น

รายการใกล้เคียง
    ผู้แต่ง [เมเปิ้ลสีขาว]

BibComment


ยังไม่เคยถูกคอมเมนท์

คอมเมนท์ทรัพยากรรายการนี้
  คอมเมนท์: ปรุงรักให้ครบรส เ..


 Copyright 2026. Bcnsprnw @Library